<?xml version="1.0" encoding="UTF-8"?>
<collection xmlns="http://www.loc.gov/MARC21/slim">
 <record>
  <leader>02653cam a2200481  c4500</leader>
  <controlfield tag="001">1325790362</controlfield>
  <controlfield tag="003">DE-627</controlfield>
  <controlfield tag="005">20240314185600.0</controlfield>
  <controlfield tag="007">tu</controlfield>
  <controlfield tag="008">060801s2006    xx |||||      00| ||ger c</controlfield>
  <datafield tag="020" ind1=" " ind2=" ">
   <subfield code="a">3447053739</subfield>
   <subfield code="9">3-447-05373-9</subfield>
  </datafield>
  <datafield tag="020" ind1=" " ind2=" ">
   <subfield code="z">9783447053790</subfield>
  </datafield>
  <datafield tag="035" ind1=" " ind2=" ">
   <subfield code="a">(DE-627)1325790362</subfield>
  </datafield>
  <datafield tag="035" ind1=" " ind2=" ">
   <subfield code="a">(DE-576)255790368</subfield>
  </datafield>
  <datafield tag="035" ind1=" " ind2=" ">
   <subfield code="a">(DE-599)BSZ255790368</subfield>
  </datafield>
  <datafield tag="035" ind1=" " ind2=" ">
   <subfield code="a">(OCoLC)315269128</subfield>
  </datafield>
  <datafield tag="040" ind1=" " ind2=" ">
   <subfield code="a">DE-627</subfield>
   <subfield code="b">ger</subfield>
   <subfield code="c">DE-627</subfield>
   <subfield code="e">rakwb</subfield>
  </datafield>
  <datafield tag="041" ind1=" " ind2=" ">
   <subfield code="a">ger</subfield>
   <subfield code="a">eng</subfield>
  </datafield>
  <datafield tag="084" ind1=" " ind2=" ">
   <subfield code="a">9,10</subfield>
   <subfield code="2">ssgn</subfield>
  </datafield>
  <datafield tag="084" ind1=" " ind2=" ">
   <subfield code="a">LH 63470</subfield>
   <subfield code="2">rvk</subfield>
   <subfield code="0">(DE-625)rvk/94364:</subfield>
  </datafield>
  <datafield tag="090" ind1=" " ind2=" ">
   <subfield code="a">a</subfield>
  </datafield>
  <datafield tag="100" ind1="1" ind2=" ">
   <subfield code="a">Panofsky, Erwin</subfield>
   <subfield code="d">1892-1968</subfield>
   <subfield code="0">(DE-588)118591568</subfield>
   <subfield code="0">(DE-627)135320631</subfield>
   <subfield code="0">(DE-576)162477686</subfield>
   <subfield code="4">aut</subfield>
  </datafield>
  <datafield tag="245" ind1="1" ind2="0">
   <subfield code="a">Korrespondenz 1910 bis 1968</subfield>
   <subfield code="n">3</subfield>
   <subfield code="p">Korrespondenz 1950 - 1956 / Erwin Panofsky. Hrsg. von Dieter Wuttke</subfield>
   <subfield code="c">Erwin Panofsky. Hrsg. von Dieter Wuttke</subfield>
  </datafield>
  <datafield tag="264" ind1=" " ind2="1">
   <subfield code="a">Wiesbaden</subfield>
   <subfield code="b">Harrassowitz</subfield>
   <subfield code="c">2006</subfield>
  </datafield>
  <datafield tag="300" ind1=" " ind2=" ">
   <subfield code="a">XXXV, 1382 S.</subfield>
   <subfield code="b">Ill.</subfield>
  </datafield>
  <datafield tag="336" ind1=" " ind2=" ">
   <subfield code="a">Text</subfield>
   <subfield code="b">txt</subfield>
   <subfield code="2">rdacontent</subfield>
  </datafield>
  <datafield tag="337" ind1=" " ind2=" ">
   <subfield code="a">ohne Hilfsmittel zu benutzen</subfield>
   <subfield code="b">n</subfield>
   <subfield code="2">rdamedia</subfield>
  </datafield>
  <datafield tag="338" ind1=" " ind2=" ">
   <subfield code="a">Band</subfield>
   <subfield code="b">nc</subfield>
   <subfield code="2">rdacarrier</subfield>
  </datafield>
  <datafield tag="583" ind1="1" ind2=" ">
   <subfield code="a">Archivierung/Langzeitarchivierung gewährleistet</subfield>
   <subfield code="f">SSG</subfield>
   <subfield code="x">XA-DE-BW</subfield>
   <subfield code="2">pdager</subfield>
   <subfield code="5">DE-16</subfield>
  </datafield>
  <datafield tag="600" ind1="1" ind2="7">
   <subfield code="0">(DE-588)118891634</subfield>
   <subfield code="0">(DE-627)219985561</subfield>
   <subfield code="0">(DE-576)210298405</subfield>
   <subfield code="a">Kahler, Erich von</subfield>
   <subfield code="d">1885-1970</subfield>
   <subfield code="2">gnd</subfield>
   <subfield code="7">(dpeaa)DE-24/stga</subfield>
  </datafield>
  <datafield tag="600" ind1="1" ind2="7">
   <subfield code="0">(DE-588)118559826</subfield>
   <subfield code="0">(DE-627)139285377</subfield>
   <subfield code="0">(DE-576)16164757X</subfield>
   <subfield code="a">Kantorowicz, Ernst</subfield>
   <subfield code="d">1895-1963</subfield>
   <subfield code="2">gnd</subfield>
   <subfield code="7">(dpeaa)DE-24/stga</subfield>
  </datafield>
  <datafield tag="600" ind1="1" ind2="7">
   <subfield code="0">(DE-588)116831251</subfield>
   <subfield code="0">(DE-627)078301327</subfield>
   <subfield code="0">(DE-576)161193757</subfield>
   <subfield code="a">Greischel, Walther</subfield>
   <subfield code="d">1889-1970</subfield>
   <subfield code="2">gnd</subfield>
   <subfield code="7">(dpeaa)DE-24/stga</subfield>
  </datafield>
  <datafield tag="600" ind1="1" ind2="7">
   <subfield code="0">(DE-588)11853856X</subfield>
   <subfield code="0">(DE-627)134203925</subfield>
   <subfield code="0">(DE-576)161089003</subfield>
   <subfield code="a">George, Stefan</subfield>
   <subfield code="d">1868-1933</subfield>
   <subfield code="2">gnd</subfield>
   <subfield code="7">(dpeaa)DE-24/stga</subfield>
  </datafield>
  <datafield tag="700" ind1="1" ind2=" ">
   <subfield code="a">Wuttke, Dieter</subfield>
   <subfield code="d">1929-</subfield>
   <subfield code="e">Hrsg.</subfield>
   <subfield code="0">(DE-588)11889286X</subfield>
   <subfield code="0">(DE-627)079669204</subfield>
   <subfield code="0">(DE-576)210312238</subfield>
   <subfield code="4">edt</subfield>
  </datafield>
  <datafield tag="773" ind1="1" ind2="8">
   <subfield code="w">(DE-627)1164264079</subfield>
   <subfield code="w">(DE-576)094264074</subfield>
   <subfield code="g">3</subfield>
   <subfield code="q">3</subfield>
   <subfield code="7">nnnm</subfield>
  </datafield>
  <datafield tag="787" ind1="0" ind2="8">
   <subfield code="i">Rezensiert in</subfield>
   <subfield code="a">Sprigath, Gabriele, 1940 - </subfield>
   <subfield code="t">Panofsky, Erwin, Korrespondenz 1950 bis 1956, Band III</subfield>
   <subfield code="d">Heidelberg : Univ.-Bibl., 2006</subfield>
   <subfield code="h">Online-Ressource</subfield>
   <subfield code="w">(DE-627)1650037449</subfield>
   <subfield code="w">(DE-576)327280050</subfield>
  </datafield>
  <datafield tag="787" ind1="0" ind2="8">
   <subfield code="i">Rezensiert in</subfield>
   <subfield code="a">Chapeaurouge, Donat de, 1925 - 2019</subfield>
   <subfield code="t">[Rezension von: Erwin Panofsky, Korrespondenz 1950-1956]</subfield>
   <subfield code="d">2006</subfield>
   <subfield code="w">(DE-627)1546910662</subfield>
   <subfield code="w">(DE-576)476910668</subfield>
  </datafield>
  <datafield tag="935" ind1=" " ind2=" ">
   <subfield code="a">StGB</subfield>
  </datafield>
  <datafield tag="935" ind1=" " ind2=" ">
   <subfield code="i">sf</subfield>
  </datafield>
  <datafield tag="936" ind1="r" ind2="v">
   <subfield code="a">LH 63470</subfield>
   <subfield code="b">Panofsky, Erwin</subfield>
   <subfield code="k">Kunstgeschichte</subfield>
   <subfield code="k">Allgemeines. Allgemeine Kunstgeschichte</subfield>
   <subfield code="k">Geschichte der Kunstwissenschaft</subfield>
   <subfield code="k">Schriften über Kunsthistoriker</subfield>
   <subfield code="k">Einzeldarstellungen (Autobiografien,Biografien, Festansprachen, Leichenreden, Nachrufe u. dergl.)</subfield>
   <subfield code="k">Namen P</subfield>
   <subfield code="k">Panofsky, Erwin</subfield>
   <subfield code="0">(DE-627)1271292912</subfield>
   <subfield code="0">(DE-625)rvk/94364:</subfield>
   <subfield code="0">(DE-576)201292912</subfield>
  </datafield>
  <datafield tag="951" ind1=" " ind2=" ">
   <subfield code="a">MV</subfield>
  </datafield>
  <datafield tag="991" ind1=" " ind2=" ">
   <subfield code="a">Rezensiertes Werk</subfield>
  </datafield>
  <datafield tag="999" ind1=" " ind2=" ">
   <subfield code="a">KXP-PPN1325790362</subfield>
   <subfield code="e">4154311867</subfield>
  </datafield>
 </record>
</collection>
